| 000 | 00604nam a22001937a 4500 | ||
|---|---|---|---|
| 005 | 20251108170902.0 | ||
| 008 | 250721s1997 xx 000 0 ara d | ||
| 082 | 1 | 4 | _a005.74/زيا |
| 100 | 1 | _aالقاضي، زياد | |
| 245 | 1 | 0 | _aمبادئ و تحليل نظم الحاسوب و تصميمها / |
| 264 | 1 |
_aعمان : _bدار صفاء للنشر و التوزيع، _c1997. |
|
| 300 | _a367ص | ||
| 650 | 1 | 7 | _aعلم الحاسوب |
| 650 | 1 | 7 | _aلغات البرمجة |
| 650 | 1 | 7 | _aالبرمجة |
| 700 | 1 | _aالبشيتي، عبد الرحيم | |
| 942 |
_2ddc _cBK |
||
| 999 |
_c51293 _d51293 |
||